Online
Catalog

Capitulación sin testigos : (Record no. 19446)

MARC details
000 -CABECERA
campo de control de longitud fija 00683cam a2200193 a 4500
001 - NÚMERO DE CONTROL
campo de control 000019933
005 - FECHA Y HORA DE LA ÚLTIMA TRANSACCIÓN
campo de control 20200929170209.0
008 - DATOS DE LONGITUD FIJA--INFORMACIÓN GENERAL
campo de control de longitud fija 920928s1995 pr a 000 p spa
010 ## - NÚMERO DE CONTROL DE LA BIBLIOTECA DEL CONGRESO
Número de control de LC 9978838281
040 ## - FUENTE DE LA CATALOGACIÓN
Centro catalogador/agencia de origen DO-SdBNP
Lengua de catalogación spa
Centro/agencia transcriptor BNPHU
082 ## - NÚMERO DE LA CLASIFICACIÓN DECIMAL DEWEY
Número de clasificación xxx
Número de documento/Ítem R934c
100 1# - ENTRADA PRINCIPAL--NOMBRE DE PERSONA
Nombre de persona Kastillo, Williamns
9 (RLIN) 42507
245 10 - MENCIÓN DE TÍTULO
Título Capitulación sin testigos :
Resto del título poesía /
Mención de responsabilidad, etc. Williamns Kastillo; prólogo José Enrique Ayoroa Santaliz.
260 ## - PUBLICACIÓN, DISTRIBUCIÓN, ETC.
Lugar de publicación, distribución, etc. Santurce, Puerto Rico :
Nombre del editor, distribuidor, etc. Soluno, Editora Nacional,
Fecha de publicación, distribución, etc. 1995.
300 ## - DESCRIPCIÓN FÍSICA
Extensión [36] p. :
Otras características físicas il. ;
Dimensiones 22 cm.
490 1# - MENCIÓN DE SERIE
Mención de serie Los cuadernos de Rimbaud
Designación de volumen o secuencia 2
700 1# - PUNTO DE ACCESO ADICIONAL--NOMBRE DE PERSONA
Nombre de persona Ayoroa Santaliz, José Enrique
Término indicativo de función/relación prólogo
9 (RLIN) 8033
830 #0 - PUNTO DE ACCESO ADICIONAL DE SERIE-TÍTULO UNIFORME
Título uniforme Los cuadernos de Rimbaud
Número de parte o sección de la obra 3
9 (RLIN) 42508
Holdings
Estado de retiro Estado de pérdida Restricciones de uso No para préstamo Código de colección Localización permanente Ubicación/localización actual Ubicación en estantería Fecha de adquisición Número de inventario Total de préstamos Signatura topográfica completa Código de barras Fecha visto por última vez Precio válido a partir de Tipo de ítem Koha Número de copia
      Excluido de préstamo Monografías: Libros y Folletos General General Depósito 09.07.2010 LF1   xxx R934c 19933-10 25.06.2020 25.06.2020 No se presta  
  Extraviado   Excluido de préstamo Monografías: Libros y Folletos Patrimonio Dominicano Patrimonio Dominicano Extraviado 30.06.2011 LF1   xxx R934c 19933-20 25.06.2020 25.06.2020 No se presta e. 2

Powered by Koha